000 01198nam a22003857a 4500
003 CHAP
005 20220817041130.0
008 971013s1983 r 00010 d
010 _a7107
011 _a8079
035 _a7304
040 _cCHAP
082 _a636.08
_bN45 v. 3A
100 0 0 _aNeimann - Sorensen, A.
245 _aDynamic biochemistry of animal production
260 _aAmsterdam :
_bElsevier,
_c1983
300 _a501 p.
490 _aWorld animal science
_v; A3
500 _a64-74
590 _aBATCH-UPD
_b10
_c20130110
_lUCH01
_h1546
590 _aBATCH-UPD
_b10
_c20130410
_lUCH01
_h0945
590 _aBATCH-UPD
_b10
_c20130914
_lUCH01
_h1411
590 _aCONVERSION
_b10
_c20130109
_lUCH01
_h1305
650 1 4 _aFisiología animal.
_941131
650 1 4 _aGanadería.
_944604
650 1 4 _aMetabolismo en animales domésticos.
_975151
650 1 4 _aNutrición animal.
650 1 4 _aReproducción animal.
_996028
700 0 _aRiis, P. M.
_997418
700 0 _aTribe, Derek E.
_9114909
830 0 _aWorld animal science
_v; A3
_9122687
901 _aBK
942 _cLIBRO
949 _a636.08 N45 v.3A
_bBC
_cLIBRO
_d33724000260675
_eLIBRO
_gI.136166
_h70700
_i7304
_si
_t115.59
999 _c7107
_d7107